[Event "25th Klatovy A 2017"]
[Site "Klatovy CZE"]
[Date "2017.07.05"]
[Round "5.25"]
[White "Kopriva, Martin"]
[Black "Kubat, Martin"]
[Result "1/2-1/2"]
[WhiteElo "2061"]
[BlackElo "1828"]
[PlyCount "64"]
[EventDate "2017.07.01"]
[EventType "swiss"]
[EventRounds "9"]
[EventCountry "CZE"]
[SourceTitle "EXT 2018"]
[Source "ChessBase"]
[SourceDate "2017.10.13"]
[SourceVersion "1"]
[SourceVersionDate "2017.10.13"]
[SourceQuality "1"]

1. e4 c5 2. Nf3 d6 3. d4 cxd4 4. Qxd4 a6 5. Bc4 Nc6 6. Qd3 Nf6 7. Nc3 e6 8. Bf4 Be7 9. O-O-O e5 10. Bg5 Qa5 11. Bxf6 gxf6 12. Nd5 Qd8 13. Nh4 Be6 14. Qg3 Rf8 15. Qg7 b5 16. Be2 Bxd5 17. exd5 Nd4 18. Rxd4 exd4 19. Bg4 Qa5 20. Qxh7 Qxa2 21. Re1 Ra7 22. Qe4 Qa1+ 23. Kd2 Qxb2 24. Nf5 Qc3+ 25. Kd1 d3 26. cxd3 Rc7 27. Nxd6+ Kd8 28. Nc4 bxc4 29. d6 Qb3+ 30. Kc1 Qc3+ 31. Kd1 Qb3+ 32. Kc1 Qc3+ 1/2-1/2

[Event "25th Klatovy A 2017"]
[Site "Klatovy CZE"]
[Date "2017.07.05"]
[Round "5.26"]
[White "Stanek, Petr"]
[Black "Sprenar, Petr"]
[Result "1-0"]
[WhiteElo "1888"]
[BlackElo "2042"]
[PlyCount "107"]
[EventDate "2017.07.01"]
[EventType "swiss"]
[EventRounds "9"]
[EventCountry "CZE"]
[SourceTitle "EXT 2018"]
[Source "ChessBase"]
[SourceDate "2017.10.13"]
[SourceVersion "1"]
[SourceVersionDate "2017.10.13"]
[SourceQuality "1"]

1. e4 c5 2. Be2 d6 3. d3 Nc6 4. f4 g6 5. Nf3 Bg7 6. O-O e6 7. c3 Nge7 8. Qe1 O-O 9. Qh4 f5 10. g4 fxg4 11. Qxg4 Qe8 12. Qh4 e5 13. Kh1 exf4 14. Bxf4 Ne5 15. Nbd2 N7c6 16. Rg1 Nxf3 17. Nxf3 Ne5 18. Raf1 Nxf3 19. Rxf3 Be5 20. Rgf1 Bd7 21. Qh6 Bxf4 22. Rxf4 Qe7 23. Rxf8+ Rxf8 24. Rxf8+ Qxf8 25. Qxf8+ Kxf8 26. Kg2 Ke7 27. Kg3 Kf6 28. d4 Bc6 29. Bd3 Be8 30. h4 Bf7 31. a3 g5 32. Be2 Bg6 33. Bf3 b6 34. Bg2 Bf7 35. Bh3 Bg6 36. Bg2 Bh5 37. Bh1 Bd1 38. Bg2 Kg6 39. Bh3 Kh5 40. e5 dxe5 41. dxe5 gxh4+ 42. Kf4 Kg6 43. Bf5+ Kh6 44. e6 Kg7 45. Ke5 h6 46. Kd6 Kf6 47. e7 Bh5 48. Bg4 Bg6 49. Bd7 Kg5 50. e8=Q Bxe8 51. Bxe8 Kg4 52. Kc7 h3 53. Kb7 h2 54. Bc6 1-0

[Event "25th Klatovy A 2017"]
[Site "Klatovy CZE"]
[Date "2017.07.05"]
[Round "5.27"]
[White "Kunc, Jan"]
[Black "Ruzickova, Radka"]
[Result "0-1"]
[WhiteElo "2015"]
[BlackElo "1836"]
[PlyCount "112"]
[EventDate "2017.07.01"]
[EventType "swiss"]
[EventRounds "9"]
[EventCountry "CZE"]
[SourceTitle "EXT 2018"]
[Source "ChessBase"]
[SourceDate "2017.10.13"]
[SourceVersion "1"]
[SourceVersionDate "2017.10.13"]
[SourceQuality "1"]

1. e4 e6 2. d3 d5 3. Nd2 Nf6 4. Ngf3 Be7 5. g3 Nc6 6. e5 Nd7 7. d4 Na5 8. Bd3 c5 9. c3 Nc6 10. O-O Qb6 11. dxc5 Nxc5 12. Bc2 Qc7 13. Qe2 b6 14. b4 Nd7 15. Ba4 O-O 16. Re1 a6 17. Nf1 b5 18. Bc2 Bb7 19. h4 Rfc8 20. Bd3 Bf8 21. Bxh7+ Kh8 22. Bd3 g6 23. h5 Ne7 24. hxg6 fxg6 25. Bd2 Bg7 26. N1h2 Nf8 27. Ng4 Nf5 28. Kh2 Kg8 29. Rh1 Kf7 30. Kg1 Qb6 31. Kf1 d4 32. cxd4 Nxd4 33. Nxd4 Qxd4 34. Re1 Bxh1 35. f3 Rd8 36. Nf2 Rac8 37. Kg1 Bxe5 38. Qxe5 Qxe5 39. Rxe5 Bxf3 40. Bh6 Nd7 41. Rg5 Rg8 42. Nh3 Nf6 43. Nf4 Ne4 44. Re5 Rc1+ 45. Bf1 Rh8 46. Nxe6 Rxh6 47. Nd8+ Kf6 48. Re6+ Kf5 49. g4+ Kxg4 50. Rxe4+ Bxe4 51. Kf2 Rh2+ 52. Ke3 Rxf1 53. Kxe4 Re2+ 54. Kd5 Rd1+ 55. Kc6 Rxd8 56. Kb6 Rxa2 0-1

[Event "25th Klatovy A 2017"]
[Site "Klatovy CZE"]
[Date "2017.07.05"]
[Round "5.28"]
[White "Nagy, Ladislav1"]
[Black "Bartonicek, Zdenek Jr"]
[Result "1/2-1/2"]
[WhiteElo "1812"]
[BlackElo "2039"]
[PlyCount "49"]
[EventDate "2017.07.01"]
[EventType "swiss"]
[EventRounds "9"]
[EventCountry "CZE"]
[SourceTitle "EXT 2018"]
[Source "ChessBase"]
[SourceDate "2017.10.13"]
[SourceVersion "1"]
[SourceVersionDate "2017.10.13"]
[SourceQuality "1"]

1. Nf3 f5 2. g3 d6 3. d4 e6 4. Bg2 Nf6 5. c4 Be7 6. Nc3 O-O 7. b3 a5 8. Bb2 Qe8 9. Nd2 e5 10. Nd5 Bd8 11. dxe5 dxe5 12. e4 Nc6 13. O-O Qg6 14. Nf3 Nxe4 15. Nxe5 Nxe5 16. Bxe5 Qf7 17. Qc2 c6 18. Nc3 Ng5 19. f4 Ne6 20. Kh1 Bc7 21. Bxc7 Qxc7 22. Rad1 Bd7 23. Qf2 Rad8 24. Rd2 Bc8 25. Rfd1 1/2-1/2

[Event "25th Klatovy A 2017"]
[Site "Klatovy CZE"]
[Date "2017.07.05"]
[Round "5.29"]
[White "Molkanov, Oleg 2001"]
[Black "Kusa, Jakub"]
[Result "0-1"]
[WhiteElo "2117"]
[BlackElo "1828"]
[PlyCount "84"]
[EventDate "2017.07.01"]
[EventType "swiss"]
[EventRounds "9"]
[EventCountry "CZE"]
[SourceTitle "EXT 2018"]
[Source "ChessBase"]
[SourceDate "2017.10.13"]
[SourceVersion "1"]
[SourceVersionDate "2017.10.13"]
[SourceQuality "1"]

1. d4 Nf6 2. c4 e6 3. Nf3 b6 4. Bf4 Bb7 5. Nc3 Bb4 6. a3 Bxc3+ 7. bxc3 Ne4 8. Qc2 O-O 9. e3 f5 10. h3 d6 11. Bd3 Nd7 12. O-O h6 13. Nd2 Nxd2 14. Qxd2 g5 15. Bh2 Nf6 16. f3 h5 17. e4 f4 18. e5 dxe5 19. dxe5 Nd7 20. Qe2 Nc5 21. Bb1 Qe7 22. h4 gxh4 23. Kh1 Rad8 24. Ra2 Qg5 25. Bg1 Rd7 26. Bxc5 bxc5 27. Rd2 Rg7 28. Be4 Bxe4 29. Qxe4 Qf5 30. Qxf5 Rxf5 31. Re1 h3 32. gxh3 Rg3 33. Kh2 Rxf3 34. Rd8+ Kg7 35. Rg1+ Rg3 36. Rxg3+ fxg3+ 37. Kxg3 Rxe5 38. Rd7+ Kg6 39. Rxc7 Re3+ 40. Kg2 Rxc3 41. Rxc5 Rxa3 42. Rc8 Rc3 0-1

[Event "25th Klatovy A 2017"]
[Site "Klatovy CZE"]
[Date "2017.07.05"]
[Round "5.30"]
[White "Hodan, Jiri"]
[Black "Stinka, Jakub"]
[Result "0-1"]
[WhiteElo "1876"]
[BlackElo "1991"]
[PlyCount "76"]
[EventDate "2017.07.01"]
[EventType "swiss"]
[EventRounds "9"]
[EventCountry "CZE"]
[SourceTitle "EXT 2018"]
[Source "ChessBase"]
[SourceDate "2017.10.13"]
[SourceVersion "1"]
[SourceVersionDate "2017.10.13"]
[SourceQuality "1"]

1. d4 Nf6 2. c4 d6 3. Nc3 Nbd7 4. Nf3 e5 5. dxe5 dxe5 6. Bg5 Be7 7. Bxf6 Bxf6 8. Ne4 O-O 9. g3 Be7 10. a3 f5 11. Nc3 e4 12. Qd5+ Kh8 13. Ng1 c6 14. Qd2 Ne5 15. e3 Be6 16. b3 Bf6 17. O-O-O Qa5 18. Na4 Qxd2+ 19. Rxd2 Be7 20. Kb2 b5 21. cxb5 cxb5 22. Nc3 b4 23. axb4 Bxb4 24. Nh3 Rfc8 25. Rc2 Nd3+ 26. Bxd3 exd3 27. Rcc1 Rab8 28. Nf4 Bxb3 29. Kxb3 Bxc3+ 30. Ka2 Rc4 31. Rxc3 Rxc3 32. Rd1 Rc2+ 33. Ka1 d2 34. Ne2 a5 35. f3 a4 36. e4 a3 37. Rb1 Rxb1+ 38. Kxb1 d1=Q+ 0-1

[Event "25th Klatovy A 2017"]
[Site "Klatovy CZE"]
[Date "2017.07.05"]
[Round "5.31"]
[White "Zizka, Petr"]
[Black "Novak, Jaromir"]
[Result "1-0"]
[WhiteElo "1966"]
[BlackElo "1849"]
[PlyCount "111"]
[EventDate "2017.07.01"]
[EventType "swiss"]
[EventRounds "9"]
[EventCountry "CZE"]
[SourceTitle "EXT 2018"]
[Source "ChessBase"]
[SourceDate "2017.10.13"]
[SourceVersion "1"]
[SourceVersionDate "2017.10.13"]
[SourceQuality "1"]

1. b3 d5 2. Bb2 c5 3. e3 e6 4. f4 Nf6 5. Nf3 Nc6 6. Bb5 Bd7 7. O-O Be7 8. Qe1 Qb6 9. Bxc6 Bxc6 10. d3 O-O-O 11. Ne5 Rdf8 12. Nd2 Ne8 13. a4 f6 14. a5 Qc7 15. Nxc6 Qxc6 16. c3 Kb8 17. Ba3 Nc7 18. d4 Nb5 19. Bxc5 Bxc5 20. dxc5 Nxc3 21. b4 a6 22. Nf3 Nb5 23. Qe2 Re8 24. Nd4 Nxd4 25. exd4 Kc7 26. Rf3 Re7 27. Rb1 Qb5 28. Qxb5 axb5 29. Re1 Kd7 30. Rfe3 f5 31. a6 bxa6 32. Ra3 Ke8 33. Rxa6 Kf7 34. Rb6 Ra8 35. Rxb5 Ra6 36. Ra5 Rxa5 37. bxa5 Ra7 38. Ra1 Ra6 39. Kf2 Ke7 40. Ke3 Kd7 41. Kd3 Kc6 42. Kc3 Kb5 43. Rb1+ Kxa5 44. Ra1+ Kb5 45. Rxa6 Kxa6 46. Kb4 h6 47. h4 g6 48. g3 Ka7 49. Kb5 Kb7 50. c6+ Kc8 51. Kb6 Kb8 52. c7+ Kc8 53. Kc6 g5 54. hxg5 hxg5 55. fxg5 f4 56. g6 1-0

[Event "25th Klatovy A 2017"]
[Site "Klatovy CZE"]
[Date "2017.07.05"]
[Round "5.32"]
[White "Cekan, Petr1"]
[Black "Lhotsky, Zdenek"]
[Result "1-0"]
[WhiteElo "1965"]
[BlackElo "1695"]
[PlyCount "85"]
[EventDate "2017.07.01"]
[EventType "swiss"]
[EventRounds "9"]
[EventCountry "CZE"]
[SourceTitle "EXT 2018"]
[Source "ChessBase"]
[SourceDate "2017.10.13"]
[SourceVersion "1"]
[SourceVersionDate "2017.10.13"]
[SourceQuality "1"]

1. e4 c5 2. Nc3 Nc6 3. f4 e6 4. Nf3 g6 5. Bb5 Nge7 6. d3 Bg7 7. O-O O-O 8. e5 d6 9. exd6 Qxd6 10. Ne4 Qc7 11. Qe1 Nd4 12. Nxd4 Bxd4+ 13. Be3 Nf5 14. Bxd4 Nxd4 15. Ba4 b5 16. Bb3 f5 17. Ng3 Re8 18. Ne2 Nxb3 19. axb3 Bb7 20. Qg3 e5 21. fxe5 Qxe5 22. Rae1 Qe3+ 23. Qxe3 Rxe3 24. Nc3 Rxe1 25. Rxe1 a6 26. Re7 Rb8 27. Rc7 c4 28. bxc4 bxc4 29. Rxc4 Bc8 30. Rc6 Bd7 31. Rxa6 Rxb2 32. Ra2 Rb7 33. Ne2 Be6 34. Ra1 Rb2 35. Nd4 Bd5 36. Ra5 Ba2 37. Rb5 Rxb5 38. Nxb5 Bb1 39. Na3 Ba2 40. c4 Kf7 41. Kf2 Ke6 42. Ke3 Kd6 43. Kd4 1-0

[Event "25th Klatovy A 2017"]
[Site "Klatovy CZE"]
[Date "2017.07.05"]
[Round "5.33"]
[White "Pavlicek, Petr"]
[Black "Kejzlar, Lubos"]
[Result "1/2-1/2"]
[WhiteElo "1899"]
[BlackElo "1940"]
[PlyCount "86"]
[EventDate "2017.07.01"]
[EventType "swiss"]
[EventRounds "9"]
[EventCountry "CZE"]
[SourceTitle "EXT 2018"]
[Source "ChessBase"]
[SourceDate "2017.10.13"]
[SourceVersion "1"]
[SourceVersionDate "2017.10.13"]
[SourceQuality "1"]

1. d4 d6 2. Nf3 Bg4 3. Qd3 c6 4. h3 Bh5 5. g4 Bg6 6. Qb3 Qb6 7. Qxb6 axb6 8. c4 Bxb1 9. Rxb1 Rxa2 10. Bg2 e6 11. e4 Nf6 12. e5 dxe5 13. Nxe5 Bb4+ 14. Bd2 Bxd2+ 15. Kxd2 Nbd7 16. Nd3 O-O 17. Ra1 Rfa8 18. Rxa2 Rxa2 19. Kc3 Kf8 20. Re1 Ra5 21. f4 h5 22. g5 Ne8 23. Bf3 g6 24. Kb4 Ra8 25. Kc3 Nd6 26. Nf2 Ra4 27. b3 Ra2 28. Re2 Ra1 29. Nd3 Nf5 30. Re1 Rxe1 31. Nxe1 Ke7 32. Ng2 Kd6 33. Kd3 Nb8 34. Ne3 Ne7 35. Be4 Na6 36. Bf3 Nc7 37. c5+ bxc5 38. Nc4+ Kd7 39. dxc5 Na6 40. Ne5+ Ke8 41. Kd4 Nf5+ 42. Kc4 Ne3+ 43. Kd4 Nf5+ 1/2-1/2

[Event "25th Klatovy A 2017"]
[Site "Klatovy CZE"]
[Date "2017.07.05"]
[Round "5.34"]
[White "Novotny, Jaroslav2"]
[Black "Paldus, Jan"]
[Result "0-1"]
[WhiteElo "1933"]
[BlackElo "1770"]
[PlyCount "76"]
[EventDate "2017.07.01"]
[EventType "swiss"]
[EventRounds "9"]
[EventCountry "CZE"]
[SourceTitle "EXT 2018"]
[Source "ChessBase"]
[SourceDate "2017.10.13"]
[SourceVersion "1"]
[SourceVersionDate "2017.10.13"]
[SourceQuality "1"]

1. c4 e5 2. Nc3 Nf6 3. g3 d5 4. cxd5 Nxd5 5. Bg2 Nb6 6. Nf3 Nc6 7. O-O Be7 8. d3 Be6 9. b3 Nd5 10. Bb2 Nxc3 11. Bxc3 Bf6 12. Rc1 O-O 13. Qc2 Qe7 14. Nd2 Qd7 15. Rfd1 Rfd8 16. Qb2 Bh3 17. Bf3 Re8 18. Nc4 Rad8 19. e3 b5 20. Nd2 b4 21. Ne4 bxc3 22. Nxf6+ gxf6 23. Qxc3 Ne7 24. Qxc7 Qxc7 25. Rxc7 Rd7 26. Rdc1 Red8 27. a3 Rf8 28. Be2 Rxc7 29. Rxc7 Rc8 30. Rxc8+ Bxc8 31. b4 Nd5 32. Bf3 Nc3 33. Bc6 Ba6 34. d4 exd4 35. exd4 Ne2+ 36. Kg2 Nxd4 37. Ba4 Bd3 38. f4 Bc2 0-1

[Event "25th Klatovy A 2017"]
[Site "Klatovy CZE"]
[Date "2017.07.05"]
[Round "5.35"]
[White "Hacaperka, Michal"]
[Black "Brunova, Blanka"]
[Result "1-0"]
[WhiteElo "1846"]
[BlackElo "1922"]
[PlyCount "37"]
[EventDate "2017.07.01"]
[EventType "swiss"]
[EventRounds "9"]
[EventCountry "CZE"]
[SourceTitle "EXT 2018"]
[Source "ChessBase"]
[SourceDate "2017.10.13"]
[SourceVersion "1"]
[SourceVersionDate "2017.10.13"]
[SourceQuality "1"]

1. e4 c5 2. Nc3 Nc6 3. Bb5 Nd4 4. Bc4 d6 5. d3 g6 6. Nge2 Bg7 7. O-O e5 8. Nxd4 cxd4 9. Nd5 Ne7 10. Bg5 f6 11. Bxf6 Bxf6 12. Nxf6+ Kf8 13. f4 Kg7 14. fxe5 dxe5 15. Ng4 Rf8 16. Nxe5 Nc6 17. Nxc6 bxc6 18. Rxf8 Qxf8 19. Qf1 1-0

[Event "25th Klatovy A 2017"]
[Site "Klatovy CZE"]
[Date "2017.07.05"]
[Round "5.36"]
[White "Fox, Pierre"]
[Black "Krauskopfova, Lenka 1996"]
[Result "0-1"]
[WhiteElo "1761"]
[BlackElo "1986"]
[PlyCount "72"]
[EventDate "2017.07.01"]
[EventType "swiss"]
[EventRounds "9"]
[EventCountry "CZE"]
[SourceTitle "EXT 2018"]
[Source "ChessBase"]
[SourceDate "2017.10.13"]
[SourceVersion "1"]
[SourceVersionDate "2017.10.13"]
[SourceQuality "1"]

1. d4 Nf6 2. c4 g6 3. Nc3 Bg7 4. e4 d6 5. h3 O-O 6. Bg5 h6 7. Be3 Nc6 8. Nf3 e5 9. d5 Ne7 10. Qd2 Kh7 11. Be2 Ne8 12. g4 c6 13. a3 a5 14. h4 f5 15. gxf5 gxf5 16. exf5 cxd5 17. Ng5+ Kh8 18. cxd5 Nxf5 19. Nge4 Nxe3 20. Qxe3 Nf6 21. Nxf6 Rxf6 22. Ne4 Rf4 23. Rc1 Bf5 24. Rc4 b5 25. Ng5 hxg5 26. hxg5+ Kg8 27. Rxf4 exf4 28. Qxf4 Bg6 29. Bxb5 Qe7+ 30. Kf1 Qe5 31. Qg4 Qxd5 32. Bc4 Bd3+ 33. Bxd3 Qxh1+ 34. Ke2 Re8+ 35. Kd2 Qe1+ 36. Kc2 Qxf2+ 0-1

[Event "25th Klatovy A 2017"]
[Site "Klatovy CZE"]
[Date "2017.07.05"]
[Round "5.37"]
[White "Hlozek, David"]
[Black "Hlavac, Rudolf"]
[Result "0-1"]
[WhiteElo "1890"]
[BlackElo "2031"]
[PlyCount "72"]
[EventDate "2017.07.01"]
[EventType "swiss"]
[EventRounds "9"]
[EventCountry "CZE"]
[SourceTitle "EXT 2018"]
[Source "ChessBase"]
[SourceDate "2017.10.13"]
[SourceVersion "1"]
[SourceVersionDate "2017.10.13"]
[SourceQuality "1"]

1. e4 c5 2. Nf3 Nc6 3. d4 cxd4 4. Nxd4 Nf6 5. Nc3 e5 6. Ndb5 d6 7. Bg5 a6 8. Na3 Be6 9. Bxf6 gxf6 10. Nd5 f5 11. exf5 Qa5+ 12. Nc3 Bxf5 13. Nc4 Qd8 14. Ne3 Be6 15. Ncd5 Bh6 16. Ng4 Bg7 17. Nge3 O-O 18. Bd3 f5 19. O-O f4 20. Qh5 h6 21. Qg6 Re8 22. Qh7+ Kf8 23. Bg6 Bg8 24. Qxg8+ Kxg8 25. Bxe8 Qxe8 26. Nc7 Qd8 27. Nxa8 fxe3 28. fxe3 Qxa8 29. Rf3 Qe8 30. Raf1 Qe6 31. a3 e4 32. Rf4 Bxb2 33. Rf8+ Kg7 34. Ra8 Bf6 35. Rb1 Na5 36. Rb8 Qd7 0-1

[Event "25th Klatovy A 2017"]
[Site "Klatovy CZE"]
[Date "2017.07.05"]
[Round "5.38"]
[White "Skypala, Ondrej"]
[Black "Cecil, Pavel"]
[Result "1/2-1/2"]
[WhiteElo "1685"]
[BlackElo "1967"]
[PlyCount "52"]
[EventDate "2017.07.01"]
[EventType "swiss"]
[EventRounds "9"]
[EventCountry "CZE"]
[SourceTitle "EXT 2018"]
[Source "ChessBase"]
[SourceDate "2017.10.13"]
[SourceVersion "1"]
[SourceVersionDate "2017.10.13"]
[SourceQuality "1"]

1. e4 e6 2. d3 d5 3. Nd2 Nf6 4. Ngf3 c5 5. g3 Nc6 6. Bg2 dxe4 7. dxe4 e5 8. O-O Qc7 9. c3 Be7 10. Nc4 Be6 11. Ne3 Rd8 12. Qa4 h6 13. Nh4 O-O 14. Nef5 Rfe8 15. Nxe7+ Rxe7 16. Be3 b6 17. Nf5 Red7 18. h3 Ne7 19. g4 Kh7 20. f4 Ng6 21. Nxg7 exf4 22. Nxe6 fxe6 23. e5 Nd5 24. Bxd5 fxe3 25. Bxe6 Qxe5 26. Bxd7 Qg3+ 1/2-1/2

[Event "25th Klatovy A 2017"]
[Site "Klatovy CZE"]
[Date "2017.07.05"]
[Round "5.39"]
[White "Srba, Stanislav"]
[Black "Kasik, Miroslav"]
[Result "1-0"]
[WhiteElo "1924"]
[BlackElo "1805"]
[PlyCount "57"]
[EventDate "2017.07.01"]
[EventType "swiss"]
[EventRounds "9"]
[EventCountry "CZE"]
[SourceTitle "EXT 2018"]
[Source "ChessBase"]
[SourceDate "2017.10.13"]
[SourceVersion "1"]
[SourceVersionDate "2017.10.13"]
[SourceQuality "1"]

1. d4 d5 2. c4 e6 3. Nf3 Nf6 4. Bg5 Be7 5. Nc3 h6 6. Bh4 O-O 7. e3 b6 8. Be2 Bb7 9. O-O Nbd7 10. Rc1 dxc4 11. Bxc4 c5 12. Qe2 Ne4 13. Nxe4 Bxe4 14. Bg3 Bb7 15. Rfd1 Qc8 16. dxc5 bxc5 17. b4 a5 18. bxc5 Bxf3 19. Qxf3 Nxc5 20. Bb5 Rd8 21. Rxd8+ Qxd8 22. Bc7 Qc8 23. a4 Qf8 24. Bb6 Rb8 25. Bc7 Ra8 26. Rc3 Qc8 27. Bb6 Qf8 28. Bxc5 Bxc5 29. Rxc5 1-0

[Event "25th Klatovy A 2017"]
[Site "Klatovy CZE"]
[Date "2017.07.05"]
[Round "5.41"]
[White "Schuster, Jan"]
[Black "Vartazaryan, Gor"]
[Result "1/2-1/2"]
[WhiteElo "1967"]
[BlackElo "1795"]
[PlyCount "73"]
[EventDate "2017.07.01"]
[EventType "swiss"]
[EventRounds "9"]
[EventCountry "CZE"]
[SourceTitle "EXT 2018"]
[Source "ChessBase"]
[SourceDate "2017.10.13"]
[SourceVersion "1"]
[SourceVersionDate "2017.10.13"]
[SourceQuality "1"]

1. e4 c5 2. Nf3 d6 3. g3 Nf6 4. Nc3 a6 5. a4 Nc6 6. Bg2 g6 7. O-O Bg7 8. d3 O-O 9. Nh4 Rb8 10. f4 Nd4 11. h3 b5 12. axb5 axb5 13. Ne2 Nxe2+ 14. Qxe2 Qb6 15. Kh2 Bb7 16. Be3 b4 17. c3 Ra8 18. c4 Nd7 19. g4 b3 20. g5 Ra2 21. Rab1 Rfa8 22. f5 Qc7 23. Kg1 R8a6 24. Bf4 Qb8 25. Nf3 Qa7 26. fxg6 hxg6 27. Nh2 Ra1 28. Rxa1 Rxa1 29. Bc1 Bd4+ 30. Kh1 Ne5 31. Nf3 Bc8 32. Nxd4 cxd4 33. Bf4 Rxf1+ 34. Bxf1 Qa1 35. Kg2 Qb1 36. Bxe5 dxe5 37. Qf2 1/2-1/2

[Event "25th Klatovy A 2017"]
[Site "Klatovy CZE"]
[Date "2017.07.05"]
[Round "5.42"]
[White "Odehnal, Jaroslav"]
[Black "Kubat, Miroslav"]
[Result "0-1"]
[WhiteElo "1930"]
[BlackElo "1983"]
[PlyCount "66"]
[EventDate "2017.07.01"]
[EventType "swiss"]
[EventRounds "9"]
[EventCountry "CZE"]
[SourceTitle "EXT 2018"]
[Source "ChessBase"]
[SourceDate "2017.10.13"]
[SourceVersion "1"]
[SourceVersionDate "2017.10.13"]
[SourceQuality "1"]

1. e4 c5 2. Nf3 Nc6 3. d4 cxd4 4. Nxd4 Nf6 5. Nc3 e5 6. Ndb5 d6 7. Bg5 a6 8. Na3 b5 9. Nd5 Be7 10. Nxe7 Qxe7 11. Be2 O-O 12. c3 Bb7 13. O-O Qe6 14. Bxf6 Qxf6 15. Nc2 Ne7 16. Bf3 Rad8 17. Ne3 Rfe8 18. Re1 Qg6 19. Qc2 Qg5 20. g3 f5 21. Bg2 f4 22. Nd5 Nxd5 23. exd5 Rf8 24. Qe4 Bc8 25. h4 Qh5 26. Qd3 f3 27. Bf1 h6 28. a4 g5 29. hxg5 hxg5 30. axb5 Rf6 31. Rxa6 Rh6 32. Bh3 Bxh3 33. Rxe5 Bf5 0-1

[Event "25th Klatovy A 2017"]
[Site "Klatovy CZE"]
[Date "2017.07.05"]
[Round "5.43"]
[White "Danek, Vaclav"]
[Black "Bartonicek, Zdenek"]
[Result "0-1"]
[WhiteElo "1953"]
[BlackElo "1942"]
[PlyCount "80"]
[EventDate "2017.07.01"]
[EventType "swiss"]
[EventRounds "9"]
[EventCountry "CZE"]
[SourceTitle "EXT 2018"]
[Source "ChessBase"]
[SourceDate "2017.10.13"]
[SourceVersion "1"]
[SourceVersionDate "2017.10.13"]
[SourceQuality "1"]

1. c4 Nf6 2. Nc3 c5 3. g3 g6 4. Bg2 Bg7 5. d3 Nc6 6. Be3 d6 7. Qd2 Ng4 8. Bf4 h6 9. h3 Nge5 10. g4 e6 11. Bg3 Qe7 12. f4 Nd7 13. e3 O-O 14. Nf3 Nf6 15. Bh4 Qd7 16. e4 Re8 17. O-O Nh7 18. Rae1 b6 19. e5 Bb7 20. Bg3 dxe5 21. fxe5 Nb4 22. Re3 Rad8 23. Rd1 Bxf3 24. Bxf3 Nc6 25. Nb5 Nd4 26. Nxd4 Qxd4 27. Qf2 Bf8 28. h4 Be7 29. Re4 Qd7 30. Qg2 Qc7 31. Re2 Nf8 32. Bc6 Nd7 33. Qf3 Rf8 34. Bxd7 Rxd7 35. Re4 Qd8 36. Qf2 Rxd3 37. Rxd3 Qxd3 38. Qe1 Rd8 39. b3 Rd4 40. Rxd4 Qxd4+ 0-1

[Event "25th Klatovy A 2017"]
[Site "Klatovy CZE"]
[Date "2017.07.05"]
[Round "5.44"]
[White "Kantor, Jozef"]
[Black "Novak, Vaclav2"]
[Result "0-1"]
[WhiteElo "1844"]
[BlackElo "1829"]
[PlyCount "84"]
[EventDate "2017.07.01"]
[EventType "swiss"]
[EventRounds "9"]
[EventCountry "CZE"]
[SourceTitle "EXT 2018"]
[Source "ChessBase"]
[SourceDate "2017.10.13"]
[SourceVersion "1"]
[SourceVersionDate "2017.10.13"]
[SourceQuality "1"]

1. e4 e5 2. Nf3 Nc6 3. d4 exd4 4. Nxd4 Bc5 5. Nxc6 Qf6 6. Qf3 Qxc6 7. Nc3 Bb4 8. Bd2 Nf6 9. Bd3 a6 10. O-O d6 11. Nd5 Bxd2 12. Nxf6+ gxf6 13. Qxf6 Rg8 14. Rad1 Bg5 15. Qf3 Be6 16. Rfe1 O-O-O 17. Qe2 Bf6 18. Kh1 Rg7 19. b4 Rdg8 20. b5 axb5 21. Bxb5 Qc5 22. Rg1 Bd4 23. Rd2 Bh3 24. g3 Bg4 25. Qd3 Bxf2 26. Rf1 Be3 27. a4 Bxd2 28. Qxd2 c6 29. Bd3 h5 30. a5 Kc7 31. e5 Qd5+ 32. Kg1 Qxe5 33. a6 Qd4+ 34. Kh1 bxa6 35. Rf4 Qb6 36. Qc3 Bh3 37. Qe1 Be6 38. c4 Re8 39. Qc3 Rg5 40. Qd2 Re5 41. Rf3 Re7 42. Bf1 Rf5 0-1

[Event "25th Klatovy A 2017"]
[Site "Klatovy CZE"]
[Date "2017.07.06"]
[Round "6.1"]
[White "Burnett, Andrew"]
[Black "Neuman, Petr"]
[Result "0-1"]
[WhiteElo "2211"]
[BlackElo "2442"]
[PlyCount "100"]
[EventDate "2017.07.01"]
[EventType "swiss"]
[EventRounds "9"]
[EventCountry "CZE"]
[SourceTitle "EXT 2018"]
[Source "ChessBase"]
[SourceDate "2017.10.13"]
[SourceVersion "1"]
[SourceVersionDate "2017.10.13"]
[SourceQuality "1"]

1. d4 d6 2. e4 Nf6 3. Nc3 e5 4. f4 exd4 5. Qxd4 Nc6 6. Qd2 g6 7. Nf3 Bg7 8. Bc4 O-O 9. O-O a6 10. a3 b5 11. Ba2 Bb7 12. e5 Ne8 13. e6 fxe6 14. Ng5 Bd4+ 15. Kh1 Qxg5 16. Bxe6+ Kh8 17. Ne2 Qf6 18. Bd5 Bb6 19. Rb1 Na5 20. b4 Qf5 21. Bb2+ Nf6 22. Bxb7 Nc4 23. Qc3 Nxb2 24. Bxa8 Na4 25. Qa1 d5 26. Ng3 Qd7 27. f5 g5 28. Rbe1 d4 29. Qc1 Rxa8 30. Qxg5 Qg7 31. Qh4 Nc3 32. Re6 Ncd5 33. Nh5 Nxh5 34. Qxh5 Nf6 35. Qh4 Rf8 36. Rf3 Qg4 37. Qh6 Qg7 38. Qxg7+ Kxg7 39. g4 Nd5 40. h4 Ne3 41. h5 h6 42. Rg6+ Kh7 43. Rf2 Rf7 44. Kh2 d3 45. cxd3 Nxg4+ 46. Rxg4 Bxf2 47. Rf4 Be3 48. Rf3 Bg5 49. d4 Bf6 50. d5 Rd7 0-1

[Event "25th Klatovy A 2017"]
[Site "Klatovy CZE"]
[Date "2017.07.06"]
[Round "6.2"]
[White "Nomin Erdene, Davaademberel"]
[Black "Lacina, Adolf"]
[Result "1/2-1/2"]
[WhiteElo "2373"]
[BlackElo "2237"]
[PlyCount "139"]
[EventDate "2017.07.01"]
[EventType "swiss"]
[EventRounds "9"]
[EventCountry "CZE"]
[SourceTitle "EXT 2018"]
[Source "ChessBase"]
[SourceDate "2017.10.13"]
[SourceVersion "1"]
[SourceVersionDate "2017.10.13"]
[SourceQuality "1"]

1. e4 e6 2. d4 d5 3. Nc3 Bb4 4. e5 c5 5. a3 Bxc3+ 6. bxc3 Ne7 7. Qg4 cxd4 8. Qxg7 Rg8 9. Qxh7 Qc7 10. Ne2 Nbc6 11. f4 Bd7 12. Qd3 dxc3 13. h4 Nf5 14. h5 O-O-O 15. h6 Rg6 16. h7 Rh8 17. g3 d4 18. Rh3 Qb6 19. Ng1 Rg7 20. Ne2 Na5 21. a4 Bc6 22. Rh5 Kb8 23. Bh3 Bd7 24. Bxf5 exf5 25. Nxd4 Rhxh7 26. Rxh7 Rxh7 27. Qxc3 Rh1+ 28. Ke2 Qa6+ 29. Qd3 Qh6 30. Nf3 Qh3 31. Kf2 Kc8 32. Bb2 Rxa1 33. Bxa1 Bc6 34. Bc3 Be4 35. Qe2 Nc6 36. Be1 Qh1 37. c3 Ne7 38. Ng5 Bc6 39. c4 Bxa4 40. Nxf7 Bc6 41. Qd3 Qg2+ 42. Ke3 Qg1+ 43. Kd2 Qb6 44. Ke2 Bd7 45. Nd6+ Kb8 46. Bc3 Be6 47. Nb5 a6 48. Nd4 Bc8 49. Nc2 Nc6 50. Ne3 Qb3 51. Bd2 Qb6 52. Qd6+ Ka8 53. Nd5 Qb2 54. Nc3 Be6 55. Qf8+ Ka7 56. Qc5+ Ka8 57. Ke3 Qb3 58. Qf8+ Ka7 59. Kf2 Qc2 60. Ke1 Qd3 61. Qc5+ Ka8 62. Qf8+ Ka7 63. Qc5+ Ka8 64. Na4 Nd4 65. Qf8+ Ka7 66. Qc5+ Kb8 67. Qd6+ Ka7 68. Qb6+ Ka8 69. Qd8+ Ka7 70. Qb6+ 1/2-1/2